|
|
|
|
| LEADER |
00983pam a22002538a 4500 |
| 001 |
00037807 |
| 005 |
20171026081025.0 |
| 008 |
170514s2003 ||||||Viesd |
| 041 |
0 |
# |
|a Vie
|
| 082 |
1 |
4 |
|a 959.704 3
|b H307Đ
|
| 110 |
1 |
# |
|a Trường ĐH KHXH&NV
|b Khoa Lịch sử
|
| 245 |
1 |
0 |
|a Hiệp định Paris về Việt Nam 30 năm nhìn lại (1973 - 2003)
|c Hội khoa học lịch sử TP. HCM, Trường ĐH KHXH&NV TP.HCM
|
| 260 |
# |
# |
|a Tp. HCM
|b Tổng hợp Thành Phố Hồ Chí Minh
|c 2003
|
| 300 |
# |
# |
|a 323tr.
|c 20.5 cm
|
| 500 |
# |
# |
|a ĐTTS:Hội khoa học lịch sử TP. HCM, Trường ĐH KHXH&NV TP.HCM
|
| 653 |
# |
# |
|a (1973 - 2003)
|
| 653 |
# |
# |
|a Việt Nam
|
| 653 |
# |
# |
|a Hiệp định
|
| 852 |
# |
# |
|b Kho mượn
|j KM.0023011
|
| 852 |
# |
# |
|b Kho đọc
|j KD.0022233
|
| 852 |
# |
# |
|j KD.0022233
|j KM.0023011
|
| 910 |
|
|
|d 14/05/2017
|
| 980 |
# |
# |
|a Trung tâm Học liệu Lê Vũ Hùng, Trường Đại học Đồng Tháp
|